LEADER 01868nam 2200577 a 450 001 9910456723803321 005 20200520144314.0 010 $a1-61689-328-1 035 $a(CKB)2550000000035482 035 $a(EBL)3387350 035 $a(SSID)ssj0000531025 035 $a(PQKBManifestationID)12214285 035 $a(PQKBTitleCode)TC0000531025 035 $a(PQKBWorkID)10571810 035 $a(PQKB)11256661 035 $a(MiAaPQ)EBC3387350 035 $a(Au-PeEL)EBL3387350 035 $a(CaPaEBR)ebr10453755 035 $a(OCoLC)923338213 035 $a(EXLCZ)992550000000035482 100 $a20090925d2010 uy 0 101 0 $aeng 135 $aur|n|---||||| 181 $ctxt 182 $cc 183 $acr 200 00$aForesight$b[electronic resource] /$fforeword by Teddy Cruz ; introduction by Anne Rieselbach 205 $a1st ed. 210 $aNew York $cPrinceton Architectural Press $cArchitectural League of New York$dc2010 215 $a1 online resource (175 p.) 225 1 $aYoung architects ;$v11 300 $aDescription based upon print version of record. 311 $a1-56898-887-7 327 $aBiographies -- Bureau E.A.S.T. -- Frida Escobedo Lopez -- Ether Ship -- ex.studio -- Fake Industries -- Phu Hoang Office. 410 0$aYoung architects ;$v11. 606 $aArchitecture$xAwards$zUnited States 606 $aArchitecture$zUnited States$xHistory$y21st century 606 $aYoung architects$zUnited States 608 $aElectronic books. 615 0$aArchitecture$xAwards 615 0$aArchitecture$xHistory 615 0$aYoung architects 676 $a720.92/2 712 02$aArchitectural League of New York. 801 0$bMiAaPQ 801 1$bMiAaPQ 801 2$bMiAaPQ 906 $aBOOK 912 $a9910456723803321 996 $aForesight$91756241 997 $aUNINA LEADER 02408nam 2200457 450 001 9910814190803321 005 20200520144314.0 010 $a1-62273-109-3 035 $a(CKB)3710000000829414 035 $a(MiAaPQ)EBC4647855 035 $a(Au-PeEL)EBL4647855 035 $a(CaPaEBR)ebr11249204 035 $a(OCoLC)957128297 035 $a(PPN)198678916 035 $a(EXLCZ)993710000000829414 100 $a20160906h20162016 uy 0 101 0 $aeng 135 $aurcnu|||||||| 181 $2rdacontent 182 $2rdamedia 183 $2rdacarrier 200 00$aPolitics and web 2.0Evandro Oliveira $ethe participation gap /$fby Peter Dahlgren [and six others] ; edited by Gisela Goncalves, Joaquim Paulo Serra 210 1$aWilmington, Delaware :$cVernon Press,$d2016. 210 4$dİ2016 215 $a1 online resource (169 pages) $cillustrations, tables 311 $a1-62273-099-2 320 $aIncludes bibliographical references at the end of each chapters and index. 327 $gIntroduction /$rJ. Paulo Serra and Gisela Gonc?alves --$tIn search of a return to communication (studies) as a factor of social change : Web 2.0 and political participation /$rGiovandro Marcos Ferreira --$tDescriptive indicators of photojournalistic treatment of political leaders /$rJoaqui?n Lopez del Ramo --$tThe emergence of Spain's Podemos (We Can) Party : challenges for political communication practice and study /$rKaren Sanders --$tCosmopolitanism, media and global civil society : from moral to political agency /$rPeter Dahlgren --$tTalk to me and I will talk for you : relationships between citizens and politics on the example of Portuguese members of parliament online communication /$rEvandro Oliveira and Gisela Gonc?alves --$tThe research project "New media and politics : citizen's participation in the websites of Portuguese political parties" : main results /$rJ. Paulo Serra and Gisela Gonc?alves. 606 $aPolitical participation$xTechnological innovations 615 0$aPolitical participation$xTechnological innovations. 676 $a323.04202854678 702 $aSerra$b Joaquim Paulo 702 $aGoncalves$b Gisela 702 $aDahlgren$b Peter 801 0$bMiAaPQ 801 1$bMiAaPQ 801 2$bMiAaPQ 906 $aBOOK 912 $a9910814190803321 996 $aPolitics and web 2.0Evandro Oliveira$94090884 997 $aUNINA